| 000 | nam a22 a 4500 | ||
|---|---|---|---|
| 999 |
_c2378 _d2378 |
||
| 003 | AKMAL | ||
| 005 | 20170516113358.0 | ||
| 008 | 170516s1997 xxu 00 eng d | ||
| 020 |
_a0023896701: _cUSD 76.00 |
||
| 020 | _a0023898801 | ||
| 040 |
_aAKMAL _cAKMAL |
||
| 082 | 0 | 4 | _a540 OUE |
| 090 |
_a540 _bOUE |
||
| 100 | 1 |
_aOuellette, Robert J., _d1938- _94953 |
|
| 245 | 1 | 0 |
_aIntroduction to general, organic, and biological chemistry / _cRobert J. Ouellette |
| 250 | _a4th ed. | ||
| 260 |
_aUpper Saddle River, New Jersey : _bPrentice Hall, _c1997 |
||
| 300 |
_axviii, 782p. : _bill. (some col.) ; _c26cm |
||
| 500 | _aIncludes index | ||
| 650 |
_aChemistry _94954 |
||
| 942 |
_2ddc _cBOOK |
||